MDQL
is popping MORE tags! Check the
thread
!
Quizzes
Events
Quiz Creation
Community
Videos
Private Events
Remove Ads
Sign In
Join for FREE
Feedback
Dark Mode
Quiz Categories
Sports
Geography
Music
Movies
Television
Just For Fun
Miscellaneous
History
Literature
Language
Science
Gaming
Entertainment
Religion
Holiday
For Kids
Quiz Lab
Recent
Popular Today
Quiz Kudos Today
Editor Picks
Curator Picks
Quizzes by...
Day
Popularity
Type
Ratings
Length
Year
Community
Subscriptions
Recent Discussions
Orange Saloon
Badges
Playlists
Quests
Create
Leaderboards
Showdown
Live 5
Trivia Bingo
Activity
Puzzle Library
Sporcle Events
Private Events
Virtual Trivia
Globe League
Become a Host
Pub Owners
SporcleCon
Opinionation
Our Games
Videos
Blog
Mobile Apps
Partnerships
Remove Ads and Go Orange
Feedback
Sports
Athletes
MLB
NBA
NHL
NFL
Soccer
Sports Teams
WWE
NCAA
Football
Premier League
Basketball
Baseball
Hockey
Golf
Tennis
Cricket
Rugby
Auto Racing
Olympics
World Cup
Sports
Athletes
MLB
NBA
NHL
NFL
Soccer
Sports Teams
WWE
NCAA
Football
Premier League
Basketball
Baseball
Hockey
Golf
Tennis
Cricket
Rugby
Auto Racing
Olympics
World Cup
Random Quiz
Search Sporcle
×
Quiz Lab
Quiz Lab
Sports
Numbers
Type in answers that appear in a list
Type in answers that appear in a list
Classic
Best Score? Go Orange.
The Great Players By Number and League Stats
Can you name the The Great Players By Number and League?
By
VerbalAssassin19
15m
100 Questions
53 Plays
53 Plays
53 Plays
Comments
Comments
Give Quiz Kudos
Give Quiz Kudos
-
- Ratings
hide this ad
Replay
Link that replays current quiz
Next Quiz
Link to next quiz in quiz playlist
You Got
0%
They Got
Avg Score
47%
Avg Friend Score
Upgrade to see
Score Distribution
Jump to the score distribution portion of the page
Score
0/100
Timer
15:00
0
Plays Today
#
Player
% Correct
4
Brett Favre
96.2%
3
Babe Ruth
92.5%
2
Derek Jeter
90.6%
18
Peyton Manning
90.6%
22
Emmitt Smith
90.6%
78
Bruce Smith
90.6%
1
Warren Moon
88.7%
12
Tom Brady
88.7%
8
Kobe Bryant
86.8%
16
Joe Montana
86.8%
51
Randy Johnson
86.8%
23
Michael Jordan
84.9%
7
Mickey Mantle
83%
13
Dan Marino
83%
42
Jackie Robinson
83%
50
David Robinson
83%
20
Barry Sanders
81.1%
21
LaDainian Tomlinson
79.2%
99
Wayne Gretzky
79.2%
9
Ted Williams
77.4%
14
Pete Rose
75.5%
15
Bart Starr
75.5%
80
Jerry Rice
73.6%
24
Willie Mays
71.7%
34
Walter Payton
71.7%
52
Ray Lewis
71.7%
25
Barry Bonds
71.7%
5
Joe DiMaggio
69.8%
6
Bill Russell
69.8%
81
Randy Moss
69.8%
19
Steve Yzerman
67.9%
72
Ed 'Too Tall' Jones
67.9%
32
Jim Brown
66%
79
Roosevelt Brown
66%
#
Player
% Correct
10
Fran Tarkenton
64.2%
28
Marshall Faulk
64.2%
38
Curt Schilling
64.2%
11
Mark Messier
62.3%
87
Sidney Crosby
62.3%
54
Brian Urlacher
60.4%
56
Lawrence Taylor
58.5%
33
Kareem Abdul-Jabbar
58.5%
44
Hank Aaron
58.5%
86
Hines Ward
56.6%
0
Gilbert Arenas
54.7%
90
Julius Peppers
52.8%
30
Martin Brodeur
50.9%
31
Greg Maddux
50.9%
66
Mario Lemieux
49.1%
43
Troy Polamalu
47.2%
83
Andre Reed
47.2%
92
Michael Strahan
43.4%
47
Tom Glavine
41.5%
40
Gale Sayers
41.5%
84
Shannon Sharpe
41.5%
68
Jaromir Jagr
39.6%
73
Larry Allen
39.6%
69
Jared Allen
39.6%
29
Satchel Paige
35.8%
39
Dominik Hasek
35.8%
89
Mike Ditka
35.8%
41
Tom Seaver
34%
45
Pedro Martinez
34%
46
Andy Pettitte
34%
77
Raymond Bourque
32.1%
71
Evgeni Malkin
32.1%
97
Jeremy Roenick
32.1%
57
Johan Santana
30.2%
#
Player
% Correct
75
Howie Long
28.3%
95
Richard Dent
26.4%
59
Jack Ham
26.4%
36
Robin Roberts
24.5%
58
Jack Lambert
24.5%
91
Sergei Fedorov
22.6%
17
Dizzy Dean
18.9%
49
Ron Guidry
18.9%
53
Don Drysdale
18.9%
48
Darryl 'Moose' Johnston
17%
63
Gene Upshaw
17%
76
Steve Hutchinson
17%
26
Wade Boggs
15.1%
98
Tony Siragusa
15.1%
35
Tony Esposito
13.2%
60
Otto Graham
13.2%
88
Alan Page
11.3%
94
Charles Haley
11.3%
37
Doak Walker
11.3%
55
Ed Jovanovski
11.3%
74
Bob Lilly
11.3%
82
Ozzie Newsome
11.3%
85
Jack Youngblood
11.3%
93
Doug Gilmour
9.4%
61
Bill George
9.4%
96
Cortez Kennedy
9.4%
64
Randall McDaniel
7.5%
70
Sam Huff
3.8%
27
Frank Mahovlich
3.8%
62
Jim Langer
3.8%
65
Elvin Bethea
3.8%
67
Bob Kuechenberg
1.9%
Quiz Playlist
Details
Report
Send in Message
Add To Playlist
Classic:
Type in answers that appear in a list
Quiz Source
Last Updated: Feb 16, 2017
Quiz Scoreboard
CHALLENGE
Sign Up to Join the Scoreboard
Show All
Scores
Hide
Comments
May contain spoilers
Recently Published
5x2 Blitz: Bands
by SL_Kpop136
Music
30s
Colored Red Africa Blitz
by spor1
Geography
30s
Find the 'City' Movie
by crazypaving
Movies
60s
More to Explore
Quiz From the Vault
Featured Blog Post
14 Easter Pick-up Lines to Find Eggs With
hide this ad
You Might Also Like...
Tags
Numbers Quiz
League
Player
team
Today's Top Quizzes in Sports
Browse Sports
hide this ad
Today's Top Quizzes in Numbers
Browse Numbers
Top Contributed Quizzes in Sports
1
Les meilleurs buteurs des matchs entre le PSG et l’OM
2
Les entraîneurs de l'OM et du PSG au 21e siècle
3
Les joueurs passés par le PSG et l'OM
4
2022 World Cup Stars
5
Players with Multiple 50 Home Run Seasons
6
Criteria MLB: Left Handed Sluggers
7
MLB Players with Two .350 Batting Average Seasons
8
Les joueurs passés par le LOSC et le RC Lens
9
NBA Logic Puzzle 2.0
10
Top 10 NHL Goal Scorers of All Time
Explore More
Trending Topics
Harry Potter
Crossword
NBA
Disney
Anime
Marvel
Kpop
Country
Pokémon
NFL
Song
Puzzle
WWE
Soccer
The Office
hide this ad
More By:
VerbalAssassin19
Quiz
Plays
Rating
Category
Featured
Created
1993-94 New York Rangers Roster
1,610
4.86
Sports
Jan 31, 2010
Brand Names in The Simpsons
1,376
3.50
Television
Jan 23, 2010
Characters in Stephen King's 'The Stand'
1,261
5.00
Literature
Feb 7, 2010
NHL Players with 100 points and 100 PIM in a single season
789
4.62
Sports
Jul 16, 2011
Simpson's Middle Names
645
3.60
Television
Nov 8, 2010
Go to Creator's Profile
Score Distribution
Quiz Creator Spotlight
VerbalAssassin19
Follow
Send a Message
Quizzes Created
-
Created Quiz Play Count
-
More By This Creator
Popular Quizzes Today
1
Colored Red Africa Blitz
2
Find the US States - No Outlines Minefield
3
Find the 'City' Movie
4
5x2 Blitz: Bands
5
The Countries of the World
6
Find the US States
7
US States
8
Find the Countries of Europe - No Outlines Minefield
More Sports Quizzes
NEXT Cover Athletes
Published
Trending Quizzes
Colored Red Europe Blitz I
Colored Red Europe Blitz II
Colored Red Africa Blitz II
Colored Red Europe Blitz III
Colored Red Africa Blitz III
Recently Updated
How Do You Spell That?
pecheneg
Godzilla Movies
pecheneg
Grab Bag: 4-10 Letters
pecheneg
2024 March Madness Bracket
pecheneg
Famous TV Couples
Peacemaker
Champions League XIs: Real Madrid
pecheneg
Largest US Cities 1790-2010
pecheneg
Rides in Walt Disney World
pecheneg
Most Oscar Losses (Acting)
pecheneg
Beyoncé Albums
pecheneg
Trending Topics
NBA
Crossword
Anime
Disney
Harry Potter
Marvel
Kpop
Puzzle
Song
Soccer
NFL
Country
Pokémon
WWE
The Office
Your Account Isn't Verified!
In order to create a playlist on Sporcle, you need to verify the email address you used during registration. Go to your
Sporcle Settings
to finish the process.
Report this User
Report this user for behavior that violates our
Community Guidelines
.
Details:
Send Report
Go to the Sporcle.com Mobile Site →
Comments